000 00934na a2200325 4500
999 _c12795
_d12795
001 24132
003 MIRAKIL
005 20190325121014.0
008 180604b tu 000 0
020 _a9756117798
040 _aMilas
_btur
_cTR-AnCHP
041 _atur
082 _a320.9561
_bY44r 2007
090 _a320.9561 Y44r 2007
100 _aYıldırım, Ali Ekber
245 _aRTE'nin öfkesi
_bAnanı da al git
_cAli Ekber Yıldırım
246 _aAnanı da al git
260 _aİstanbul
_bGüncel Yayıncılık
_c2007
_fKayhan Matbaacılık
300 _a172 s.
_c21 sm.
440 _aGüncel Yayıncılık
_v304
490 _aGüncel kitaplar
_v18
504 _aKaynakça var.
600 _aErdoğan, Recep Tayyip
_xSöylev ve demeçler
650 _aAKP İktidarı
650 _aSiyaset ve yönetim
_xTürkiye
740 _aAnanı da al git
942 _cBKS
_2ddc
999 _d12795
999 _d10693